000 00437nam a2200181Ia 4500
001 15263
005 20260306165015.0
008 260306t2010||||xx |||||||||||||| ||spa||
041 _aESP
082 _a531.11
_bH441
100 _aHibbeler, Russell C.
_eAUT
245 0 _aIngeniería mecánica dinámica
260 _c2010
300 _axiii, 732 páginas :
_c25 cm.
650 _aGEN
654 _aCCN
942 _cLIB
_dJUS
_fJUS
_2ddc
_n
999 _c15263
_d15263